| 000 | 00996nam a2200325 a 4500 | ||
|---|---|---|---|
| 001 | vtls000078039 | ||
| 003 | NLI | ||
| 005 | 20210601194048.0 | ||
| 008 | 101125s1980 enka 001 0 eng | ||
| 020 |
_a0855278560 : _cPND 18.50 |
||
| 039 | 9 |
_y201011250823 _zVLOAD |
|
| 040 | 0 |
_aNLI _beng _cEntertech-2003 _eAACR2 |
|
| 041 | 0 | _aeng | |
| 044 | _aenk | ||
| 082 | 0 | 4 | _a146.3 |
| 100 | 1 |
_aNorman, Richard _9177640 |
|
| 245 | 1 | 0 |
_aHegel, Marx, and dialectic : _ba debate / _cRichard Norman and Sean Sayers |
| 260 |
_aSussex : _bHarvester Press, _cc1980 |
||
| 300 |
_aviii, 188 p. : _bill. ; _c22 cm. |
||
| 440 | 0 |
_aHarvester philosophy now ; _vv. 10 _9183011 |
|
| 504 | _aIncludes bibliographical references and index | ||
| 650 | 0 |
_aDialectic _9175720 |
|
| 650 | 0 |
_aPhilosophy _9160 |
|
| 700 | 1 |
_aSayers, Sean, _4jt.aut _9183012 |
|
| 887 | _a | ||
| 901 |
_a473485 _b01.06.1982 |
||
| 902 | _aE146.3 N787 | ||
| 949 |
_AVIRTUAITEM _D10000 _X100 _6PUR000473485ENG |
||
| 942 |
_2ddc _cBKS |
||
| 999 |
_aVIRTUA00 _c82829 _d82829 |
||